[Event "Match"]
[Site "www.echecsemail.com"]
[Date "2018.07.18"]
[Round "1"]
[White "J1j6"]
[Black "Apdash"]
[WhiteElo "1920"]
[BlackElo "1840"]
[Result "0-1"]
[Round "1"]
1.e3 c5
2.c4 Ng8f6
3.Nb1c3 d5
4.cxd5 Nf6xd5
5.Nc3xd5 Qd8xd5
6.Ng1f3 a6
7.d4 cxd4
8.Qd1xd4 Qd5xd4
9.exd4 e6
10.Bc1f4 Nb8c6
11.Bf1e2 Bf8b4
12.Kf1 O-O
13.a3 Bb4a5
14.b4 Ba5b6
15.Ra1d1 Rf8d8
16.Nf3e5 Rd8xd4
17.Rd1xd4 Nc6xd4
18.Be2d3 f6
19.Ne5c4 Bb6a7
20.Nc4d6 e5
21.Bf4e3 Kf8
22.Bd3xh7 b5
23.Bh7e4 Ra8b8
24.Be3xd4 exd4
25.Nd6xc8 Rb8xc8
26.g3 Rc8c3
27.Kg2 Rc3xa3
28.Rh1c1 Ra3c3
29.Rc1b1 d3
30.Rb1d1 Rc3c2
31.Be4xd3 Rc2xf2
32.Kh3 Rf2b2
33.Bd3g6 Ke7
34.Bg6f5 Ke8
35.Rd1d7 Ba7g1
36.Rd7xg7 Rb2xb4
37.Bf5g6 Kd8
38.Kg2 Bg1d4
39.Rg7g8 Ke7
40.Rg8e8 Kd7
41.Re8e4 Rb4b2
42.Kf3 Bd4e5
43.Bg6f5 Ke7
44.h4 Rb2b3
45.Kg4 Rb3xg3
{ resign }
0-1

[Event "Match"]
[Site "www.echecsemail.com"]
[Date "2018.07.18"]
[Round "1"]
[White "Comrade"]
[Black "Lcbunghai"]
[WhiteElo "2250"]
[BlackElo "2140"]
[Result "0-1"]
[Round "1"]
1.c4 Ng8f6
2.Nb1c3 d5
3.d4 e6
4.e3 Bf8e7
5.Ng1f3 O-O
6.Bf1d3 c6
7.O-O b6
8.Bc1d2 Bc8a6
9.b3 Nb8d7
 { time }
0-1

[Event "Match"]
[Site "www.echecsemail.com"]
[Date "2018.07.18"]
[Round "1"]
[White "Luke1302"]
[Black "Joskomol"]
[WhiteElo "1360"]
[BlackElo "1809"]
[Result "0-1"]
[Round "1"]
1.e4 e5
2.g3 Ng8f6
3.Qd1e2 Bf8c5
4.Ng1h3 d6
5.b3 O-O
6.Bf1g2 d5
7.Bc1b2 Nf6xe4
8.Bg2xe4 dxe4
9.Bb2xe5 { time. }
0-1

[Event "Tourn. n9887"]
[Site "www.echecsemail.com"]
[Date "2018.07.18"]
[Round "1"]
[White "J1j6"]
[Black "Apdash"]
[WhiteElo "1940"]
[BlackElo "1840"]
[Result "0-1"]
[Round "1"]
1.d4 d5
2.c4 Ng8f6
3.cxd5 Nf6xd5
4.e4 Nd5b6
5.Nb1c3 e6
6.Bc1e3 Bf8e7
7.Bf1d3 Nb8d7
8.Ng1f3 a6
9.Qd1c2 h6
10.g3 c5
11.dxc5 Nd7xc5
12.Be3xc5 Be7xc5
13.Nc3e2 Bc5b4
14.Ne2c3 Qd8f6
15.Nf3d2 Bc8d7
16.f4 Ra8c8
17.e5 Qf6e7
18.a3 Bb4xc3
19.bxc3 Bd7a4
20.Qc2b2 Qe7c5
21.c4 Qc5e3
22.Bd3e2 Nb6xc4
23.Nd2xc4 Rc8xc4
24.Qb2xb7 O-O
25.Qb7xa6 Rc4c1
26.Ra1xc1 Qe3xc1
27.Kf2 Qc1xh1
28.Qa6xa4 Qh1xh2
29.Kf3 Qh2h1
30.Ke3 Rf8d8
31.Qa4a5 Qh1c1
32.Kf3 Qc1c6
33.Kg4 Rd8a8
34.Qa5b4 Qc6a4
35.Qb4d6 Qa4xa3
36.Qd6xa3 Ra8xa3
37.Be2f1 f5
{ resign }
0-1

[Event "Match"]
[Site "www.echecsemail.com"]
[Date "2018.07.18"]
[Round "1"]
[White "Joskomol"]
[Black "Lucid1963"]
[WhiteElo "1809"]
[BlackElo "1860"]
[Result "1-0"]
[Round "1"]
1.e4 c5
2.Ng1f3 g6
3.d4 cxd4
4.Nf3xd4 Nb8c6
5.Nb1c3 Bf8g7
6.Bc1e3 Ng8f6
7.Bf1c4 Nf6xe4
8.Nc3xe4 d5
9.Bc4b5 dxe4
10.Nd4xc6  { time }
1-0

[Event "Match"]
[Site "www.echecsemail.com"]
[Date "2018.07.18"]
[Round "1"]
[White "Gidgud"]
[Black "Comrade"]
[WhiteElo "2109"]
[BlackElo "2310"]
[Result "1-0"]
[Round "1"]
1.e4 c5
2.Ng1f3 Nb8c6
3.Bf1b5 Ng8f6
4.e5 Nf6d5
5.Nb1c3 Nd5c7
6.Bb5xc6 dxc6
7.d3 Bc8g4
8.O-O e6
9.Nc3e4 Bf8e7
10.Bc1e3 b6
11.Ne4g3 O-O
12.h3 Bg4xf3
13.Qd1xf3 Qd8d5
14.Qf3xd5 cxd5
15.f4 f6
16.d4 fxe5
17.dxe5 d4
18.Be3d2 Nc7d5
19.Ng3e2 Ra8d8
20.Rf1f3 g6
21.g4  { time }
1-0

[Event "Match"]
[Site "www.echecsemail.com"]
[Date "2018.07.18"]
[Round "1"]
[White "J1j6"]
[Black "Bojan"]
[WhiteElo "1940"]
[BlackElo "2010"]
[Result "1-0"]
[Round "1"]
1.d4 d5
2.c4 Bc8e6
3.cxd5 Be6xd5
4.Nb1c3 Nb8c6
5.Nc3xd5 Qd8xd5
6.e3 a6
7.b3 e5
8.Ng1f3 e4
9.Bf1c4 Qd5f5
10.Nf3h4 Qf5g5
11.g3 Ra8d8
12.f4 Qg5f6
13.Qd1c2 Bf8b4
14.Bc1d2 Bb4xd2
15.Kxd2 Qf6e7
16.Nh4f5 Qe7b4
17.Kc1 Qb4a3
18.Kb1 Kf8
19.Qc2xe4 Ng8f6
20.Qe4d3 g6
21.Nf5h6 Rd8d7
22.Rh1e1 Kg7
23.Nh6xf7 Rd7xf7
24.Bc4xf7 Kxf7
25.Qd3c4 Kg7
26.d5 Nc6e7
27.Qc4xc7 Nf6xd5
28.Qc7xb7 Rh8c8
29.Qb7d7 Nd5c3
30.Kc2 Nc3xa2
31.Kd2 Qa3b2
32.Kd3 Rc8c7
33.Qd7xc7 Qb2xb3
34.Ke2 Na2c3
35.Kf3 Qb3d5
36.e4 Qd5h5
37.Kg2 { resign }
1-0

[Event "Match"]
[Site "www.echecsemail.com"]
[Date "2018.07.19"]
[Round "1"]
[White "Roque1"]
[Black "Chapi"]
[WhiteElo "1760"]
[BlackElo "2140"]
[Result "1-0"]
[Round "1"]
1.e4 c5
2.Ng1f3 Nb8c6
3.d4 cxd4
4.Nf3xd4 g6
5.Bf1c4 Bf8g7
6.Bc1e3 Qd8b6
7.Bc4b3 Nc6xd4
8.c3 Qb6d6
9.cxd4 Ng8f6
10.Nb1c3 Qd6b4
11.Qd1f3 d6
12.e5 O-O
13.exf6 Bg7xf6
14.O-O Bf6xd4
15.Nc3d5 Qb4c5
16.Ra1c1 Bd4xe3
17.Rc1xc5 Be3xc5
18.Nd5xe7 Kg7
19.Ne7xc8 Ra8xc8
20.Qf3xb7 Rf8e8
21.Bb3xf7 { resign }
1-0

[Event "Match"]
[Site "www.echecsemail.com"]
[Date "2018.07.19"]
[Round "1"]
[White "Apdash"]
[Black "Foxy100"]
[WhiteElo "1840"]
[BlackElo "2150"]
[Result "0-1"]
[Round "1"]
1.d4 d5
2.Ng1f3 e6
3.c4 Ng8f6
4.Nb1c3 Bf8e7
5.cxd5 Nf6xd5
6.e4 Nd5xc3
7.bxc3 c5
8.Bf1b5 Bc8d7
9.Bb5xd7 Nb8xd7
10.O-O O-O
11.Bc1e3 Qd8c7
12.d5 exd5
13.exd5 Nd7f6
14.c4 b5
15.cxb5 Rf8d8
16.Qd1c2 Nf6xd5
17.Be3d2 c4
18.a4 c3
19.Bd2g5 Be7xg5
20.Nf3xg5 g6
21.Ra1c1 Ra8c8
22.Ng5e4 Qc7c4
23.f3 Nd5e3
24.Qc2xc3 Qc4e2
25.Rf1f2 Rd8d1
{ resign }
0-1

[Event "Tourn. n9897"]
[Site "www.echecsemail.com"]
[Date "2018.07.19"]
[Round "1"]
[White "Fantomas"]
[Black "Foxy100"]
[WhiteElo "2060"]
[BlackElo "2210"]
[Result "0-1"]
[Round "1"]
1.e4 e5
2.Ng1f3 Nb8c6
3.d4 exd4
4.Nf3xd4 Nc6xd4
5.Qd1xd4 Ng8e7
6.Bc1g5 h6
7.Bg5h4 Ne7c6
{ resign }
0-1

[Event "Match"]
[Site "www.echecsemail.com"]
[Date "2018.07.19"]
[Round "1"]
[White "Swabeyd"]
[Black "Luke1302"]
[WhiteElo "1499"]
[BlackElo "1330"]
[Result "0-1"]
[Round "1"]
1.d4 d5
2.Ng1f3 b6
3.c4 Bc8b7
4.cxd5 Qd8d7
5.e4 g6
6.Nf3e5 Qd7d8
7.Bf1b5 c6
8.dxc6 Nb8xc6
9.Ne5xc6 Qd8d7
10.Nc6xa7 Bb7c6
11.Bb5xc6 Ra8d8
12.Bc6xd7 Rd8xd7
13.Qd1a4 b5
14.Na7xb5 Ng8f6
 { time }
0-1

[Event "Match"]
[Site "www.echecsemail.com"]
[Date "2018.07.19"]
[Round "1"]
[White "Ericleo1980"]
[Black "Geodad5"]
[WhiteElo "2160"]
[BlackElo "2180"]
[Result "0-1"]
[Round "1"]
1.e4 c5
2.Ng1f3 d6
3.d4 cxd4
4.Nf3xd4 Nb8c6
5.Nb1c3 g6
6.Bc1e3 Bf8g7
7.Qd1d2 Bc8d7
8.O-O-O Ng8f6
9.f3 a6
10.g4 b5
11.h4 { time. }
0-1

[Event "Match"]
[Site "www.echecsemail.com"]
[Date "2018.07.19"]
[Round "1"]
[White "Fegatux"]
[Black "Obisporey"]
[WhiteElo "2340"]
[BlackElo "2570"]
[Result "0-1"]
[Round "1"]
1.d4 Ng8f6
2.c4 e6
3.g3 d5
4.Ng1f3 Bf8b4
5.Bc1d2 Bb4e7
6.Bf1g2 O-O
7.O-O c6
8.Qd1c2 b6
9.Bd2g5 Nb8d7
10.Rf1d1 Bc8b7
11.Nb1d2 c5
12.b3 cxd4
13.Nf3xd4 Ra8c8
14.Qc2b2 h6
15.Bg5e3 Nf6g4
16.Nd2f1 Nd7f6
17.h3 Ng4xe3
18.Nf1xe3 Qd8d7
19.cxd5 Nf6xd5
20.Ne3xd5 exd5
21.Ra1c1 h5
22.h4 Be7f6
23.e3 Rc8c5
24.Qb2d2 Rf8d8
25.Nd4e2 g6
26.Qd2b4 Rc5xc1
27.Rd1xc1 Bf6g7
28.Ne2d4 { time. }
0-1

[Event "Tourn. n9804"]
[Site "www.echecsemail.com"]
[Date "2018.07.19"]
[Round "1"]
[White "Seger"]
[Black "Pdebonis"]
[WhiteElo "2820"]
[BlackElo "2690"]
[Result "1-0"]
[Round "1"]
1.d4 Ng8f6
2.c4 e6
3.e3 d5
4.Ng1f3 b6
5.b3 Bc8b7
6.Bc1b2 Bf8d6
7.Nb1d2 O-O
8.Bf1d3 c5
9.dxc5 bxc5
10.O-O Nb8c6
11.h3 Nf6d7
12.Qd1c2 g6
13.a3 Qd8e7
14.Rf1e1 Ra8d8
15.cxd5 exd5
16.e4 d4
17.e5 Bd6b8
18.Ra1c1 Rd8c8
19.e6 Nd7e5
20.exf7 Qe7xf7
21.Bd3e4 Ne5d7
22.b4 cxb4
23.Qc2a4 Nd7b6
24.Qa4b5 Bb8f4
25.Re1d1 Qf7d7
26.axb4 Qd7e6
27.Qb5f1 Nb6d5
28.Qf1b5 Nd5b6
29.Rc1c2 Rf8d8
30.Rd1a1 Rd8d6
31.Qb5f1 Rc8d8
32.Rc2c1 Qe6e7
33.Rc1e1 Rd6e6
34.b5 Nc6e5
35.Be4xb7 Qe7xb7
36.Nf3xd4 Re6d6
37.Nd2f3 Ne5xf3
38.Nd4xf3 Qb7f7
39.Re1e4 Rd6d7
40.Ra1e1 Rd8a8
41.Qf1e2 Ra8f8
42.Bb2a3 Bf4d6
43.Nf3e5 { resign }
1-0

[Event "Match"]
[Site "www.echecsemail.com"]
[Date "2018.07.19"]
[Round "1"]
[White "Joskomol"]
[Black "Grischuk2789"]
[WhiteElo "2070"]
[BlackElo "2119"]
[Result "0-1"]
[Round "1"]
1.d4 g6
2.e4 Bf8g7
3.e5 d6
4.f4 Ng8h6
5.Ng1f3 O-O
6.Nb1c3 c5
7.dxc5 dxe5
8.Qd1xd8 Rf8xd8
9.fxe5 Nb8c6
10.Bc1g5 Nh6g4
11.Bf1c4 h6
12.Bg5d2 Nc6xe5
13.Nf3xe5 Ng4xe5
14.Bc4e2 Bc8g4
15.Be2xg4 Ne5xg4
16.h3 Ng4f2
17.Rh1f1 Bg7xc3
18.bxc3 Nf2e4
19.Bd2xh6 Ra8c8
20.Rf1f4 f5
21.Ra1b1 Rc8xc5
22.Rb1xb7 Rc5e5
23.Rf4xe4 Re5xe4
24.Kf2 Rd8c8
25.a3 Rc8xc3
{ resign }
0-1

[Event "Tourn. n9891"]
[Site "www.echecsemail.com"]
[Date "2018.07.19"]
[Round "1"]
[White "Bojan"]
[Black "Fantomas"]
[WhiteElo "2050"]
[BlackElo "2110"]
[Result "1/2-1/2"]
[Round "1"]
1.e4 e5
2.Ng1f3 Ng8f6
3.Bf1c4 Nb8c6
4.Nb1c3 a6
5.a3 Bf8c5
6.h3 d6
7.d3 Nc6e7
8.Bc1g5 Nf6g8
9.Nc3d5 f6
10.Bg5h4 Ne7g6
11.Bh4g3 c6
12.Nd5e3 Ng8e7
13.Nf3h4 Bc5xe3
14.fxe3 Ng6xh4
15.Bg3xh4 Ne7g6
16.Bh4g3 Qd8b6
17.Bg3f2 Qb6xb2
18.O-O Qb2b6
19.Qd1d2 Qb6c7
20.c3 b5
21.Bc4b3 c5
22.Qd2a2 Qc7e7
23.a4 Bc8d7
24.axb5 Bd7xb5
25.Rf1d1 Bb5c6
26.Bb3c4 Bc6b7
27.Rd1b1 Qe7c7
28.Rb1b3 Ke7
29.Ra1b1 Bb7c8
30.Rb3a3 Bc8b7
31.h4 Rh8b8
32.h5 Ng6f8
33.Bc4f7 Bb7c8
34.Rb1xb8 Ra8xb8
35.Bf2e1 Qc7b6
36.Bf7b3 Rb8a8
37.Be1f2 Ra8a7
38.d4 Bc8e6
39.Kh2 Be6g4
40.Bb3f7 Bg4e6
41.Bf7xe6 Nf8xe6
42.Ra3b3 Qb6c7
43.Bf2h4 h6
44.Rb3a3 a5
45.d5 Ne6d8
46.c4 Nd8b7
47.Bh4e1 Qc7b6
48.Ra3b3 Qb6a6
49.Qa2a4 Kd8
50.Rb3b5 Ra7a8
{ draw }
1/2-1/2

[Event "Tourn. n9897"]
[Site "www.echecsemail.com"]
[Date "2018.07.19"]
[Round "1"]
[White "Bojan"]
[Black "Fantomas"]
[WhiteElo "2020"]
[BlackElo "2090"]
[Result "0-1"]
[Round "1"]
1.e4 c6
2.d4 d5
3.exd5 cxd5
4.c4 e6
5.c5 Bc8d7
6.Qd1b3 Qd8c7
7.Bc1e3 Bf8e7
8.Nb1c3 Bd7c6
9.Nc3b5 Qc7d7
10.Be3f4 Ng8f6
11.Nb5d6 Be7xd6
12.Bf4xd6 Nf6e4
13.Bd6f4 O-O
14.f3 Ne4f6
15.Bf4d6 Rf8d8
16.Bf1e2 Nf6e8
17.Bd6e5 a6
18.Qb3d3 Bc6b5
19.Qd3e3 Bb5xe2
20.Ng1xe2 Nb8c6
21.O-O Nc6xe5
22.Qe3xe5 f6
23.Qe5h5 Qd7f7
24.Qh5g4 Ne8c7
25.a4 e5
26.b4 Nc7e6
27.Ra1d1 h5
28.Qg4h4 g5
29.Qh4h3 Ne6f4
30.Ne2xf4 exf4
31.Qh3f5 Kg7
32.Rf1e1 Rd8e8
33.Kf2 Ra8d8
34.Rd1d2 Re8xe1
35.Kxe1 Qf7d7
36.Rd2e2 Qd7xf5
{ resign }
0-1

[Event "Match"]
[Site "www.echecsemail.com"]
[Date "2018.07.19"]
[Round "1"]
[White "Krystek23"]
[Black "Fegatux"]
[WhiteElo "2500"]
[BlackElo "2340"]
[Result "1-0"]
[Round "1"]
1.c4 e6
2.Nb1c3 d5
3.d4 c6
4.e3 Ng8f6
5.Ng1f3 Bf8d6
6.Bf1d3 dxc4
7.Bd3xc4 O-O
8.e4 Bd6e7
9.Qd1c2 b5
10.Bc4d3 Nb8a6
{ time. }
1-0

[Event "Match"]
[Site "www.echecsemail.com"]
[Date "2018.07.19"]
[Round "1"]
[White "Grischuk2789"]
[Black "Aiko1603"]
[WhiteElo "1809"]
[BlackElo "2130"]
[Result "1-0"]
[Round "1"]
1.b3 c5
2.Bc1b2 Nb8c6
3.e4 d6
4.Ng1f3 Ng8f6
5.e5 dxe5
6.Nf3xe5 Nc6xe5
7.Bb2xe5 Qd8d5
8.Qd1e2 Nf6e4
9.Be5b2 f6
10.Qe2f3 Bc8e6
11.Bf1c4 Qd5c6
12.Bc4xe6 Qc6xe6
13.O-O Ne4d6
14.Qf3h5 g6
15.Qh5xc5 Bf8g7
16.Nb1c3 O-O
17.Ra1e1 Qe6d7
18.Qc5d5 Kh8
19.Nc3e4 Ra8d8
20.Ne4c5 Qd7c7
21.Nc5e6 Qc7xc2
22.Bb2c3 Nd6f5
23.Ne6xd8 Qc2xa2
24.Nd8f7 { resign }
1-0

[Event "1/32 Finale"]
[Site "www.chess-mail.com"]
[Date "2018.07.19"]
[Round "1"]
[White "Cal"]
[Black "Gvladutz"]
[WhiteElo "1790"]
[BlackElo "2560"]
[Result "0-1"]
[Round "1"]
1.c4 Ng8f6
2.Nb1c3 e5
3.e4 Bf8c5
4.Ng1f3 d6
5.h3 Nb8c6
6.Bf1e2 O-O
7.O-O Bc8e6
8.a3 Nc6d4
9.b4 Nd4xf3
10.Be2xf3 Bc5d4
11.Bc1b2 Be6xc4
12.Rf1e1 a5
13.bxa5 Nf6d7
14.Nc3a4 Ra8xa5
15.Bb2xd4 exd4
16.d3 Bc4e6
17.Na4b2 Qd8g5
18.Kh2 Ra5b5
19.Qd1c2 Nd7e5
20.Qc2xc7 Ne5xf3
21.gxf3 Qg5f4
22.Kg2 Be6xh3
23.Kxh3 Qf4xf3
24.Kh2 Rb5h5
25.Kg1 Qf3h1
{ resign }
0-1

[Event "Match"]
[Site "www.echecsemail.com"]
[Date "2018.07.20"]
[Round "1"]
[White "Rindrandria"]
[Black "Ranjachess"]
[WhiteElo "1790"]
[BlackElo "1820"]
[Result "0-1"]
[Round "1"]
1.e4 e5
2.Bf1c4 Nb8c6
3.c3 Ng8f6
4.Qd1b3 Qd8e7
5.d3 d6
6.Bc1e3 b6
7.Qb3a4 Bc8d7
8.b4 a5
9.Bc4d5 Nc6xb4
10.Qa4d1 Nf6xd5
11.cxb4 Nd5xb4
12.a3 Nb4a6
13.Nb1c3 g6
14.Nc3d5 Qe7e6
15.Ra1c1 Ra8c8
16.Be3g5 Bf8g7
17.Nd5e7 Rc8b8
18.Ne7c6 Bd7xc6
19.Rc1xc6 O-O
20.Ng1f3 h6
21.Bg5c1 Qe6d7
22.Rc6c2 d5
23.Qd1e2 Na6c5
24.g4 dxe4
25.dxe4 Qd7xg4
26.Rh1g1 Qg4e6
27.Nf3h4 Rb8d8
28.Rg1g3 Rd8d4
29.f3 Qe6c6
30.Nh4f5 gxf5
31.Bc1xh6 Qc6xh6
32.exf5 e4
33.Rg3g4 Rf8e8
34.Qe2b5 Nc5d3
35.Ke2 Re8e5
36.Rc2c6 exf3
37.Kxf3 Qh6e3
38.Kg2 Rd4xg4
39.Kf1 Qe3f4

0-1

[Event "Tourn. n9867"]
[Site "www.echecsemail.com"]
[Date "2018.07.20"]
[Round "1"]
[White "Bojan"]
[Black "Julian"]
[WhiteElo "2100"]
[BlackElo "1820"]
[Result "1-0"]
[Round "1"]
1.e4 e5
2.Bf1c4 c6
3.Nb1c3 d6
4.d4 exd4
5.Qd1xd4 Ng8f6
6.Bc1g5 Bf8e7
7.O-O-O O-O
8.h3 Bc8e6
9.Bc4xe6 fxe6
10.e5 dxe5
11.Qd4xe5 Qd8c8
12.Ng1e2 h6
13.Bg5h4 g5
14.Bh4g3 b5
15.Rh1e1 b4
16.Nc3e4 Nf6xe4
17.Qe5xe4 Nb8a6
18.Qe4g6 Kh8
19.Bg3e5 { resign }
1-0

[Event "Match"]
[Site "www.echecsemail.com"]
[Date "2018.07.20"]
[Round "1"]
[White "J1j6"]
[Black "Biggles"]
[WhiteElo "1930"]
[BlackElo "2130"]
[Result "0-1"]
[Round "1"]
1.e3 e5
2.d4 exd4
3.exd4 d5
4.c4 Ng8f6
5.Nb1c3 c6
6.c5 Bc8f5
7.Qd1f3 Bf5g4
8.Qf3g3 Bf8e7
9.f3 Bg4f5
10.Qg3xg7 Rh8g8
11.Qg7h6 Nb8d7
12.Qh6e3 Qd8c7
13.Bc1d2 O-O-O
14.O-O-O Rd8e8
15.Qe3f2 Kb8
16.g3 b6
17.Bd2f4 Qc7xf4
18.gxf4 bxc5
19.dxc5 Be7xc5
20.Qf2d2 Bc5e3
21.Bf1a6 Be3xd2
22.Rd1xd2 Nd7b6
23.Ng1e2 Nf6d7
24.Ne2d4 Bf5g6
25.Nd4xc6 Ka8
26.Nc3xd5 Nb6xd5
27.Rd2xd5 Nd7b8
28.Nc6xb8 Re8xb8
29.h4 f5
30.Rd5d7 Rb8b6
31.Ba6c4 Rg8c8
32.b3 Bg6h5
33.Rh1f1 h6
34.Kb2 Rc8xc4
35.Rf1e1 Rc4c8
36.Re1e7 Bh5xf3
37.Rd7xa7 Kb8
38.Ra7a5 Bf3e4
39.a4 Be4c2
40.Re7e3 Bc2e4
41.Ka3 Kb7
42.Ra5e5 Rb6c6
43.Re5e7 Kb6
44.Kb4 Rc8c7
45.Re7e5 Rc7g7
46.a5 Ka6
47.Re3xe4 fxe4
48.Re5xe4 Rg7b7
49.Ka4 Rc6c1
50.Re4e6 Ka7
51.Re6xh6 Rc1a1
{ resign }
0-1

[Event "Tourn. n9857"]
[Site "www.echecsemail.com"]
[Date "2018.07.20"]
[Round "1"]
[White "Falcoale"]
[Black "J1j6"]
[WhiteElo "1880"]
[BlackElo "1809"]
[Result "0-1"]
[Round "1"]
1.e4 c6
2.Ng1f3 b5
3.d4 Bc8b7
4.Bf1d3 e6
5.O-O d5
6.exd5 Qd8xd5
7.Nb1c3 Qd5d8
8.Bc1e3 Bf8d6
9.Nc3e4 Ng8f6
10.Ne4xd6 Qd8xd6
11.c3 Nb8d7
12.Qd1c2 a5
13.Ra1e1 Nf6d5
14.Be3g5 f6
15.Bg5d2 Nd7f8
16.a3 Nf8d7
17.Re1e2 Nd7b6
18.Rf1e1 Nd5c7
19.Bd3xh7 f5
20.Qc2xf5 O-O-O
21.Qf5g6 Nb6c4
22.Bd2g5 Rd8d7
23.Nf3e5 Nc4xe5
24.Re2xe5 c5
25.Re5xc5 Bb7c6
26.g3 Bc6d5
27.Bg5f4 Qd6b6
28.Qg6c2 g5
29.Bh7d3 gxf4
30.Bd3xb5 Rd7h7
31.Qc2d3 Rh7xh2
32.Kf1 f3
33.Rc5xc7 Kxc7
{ resign }
0-1

[Event "Tourn. n9825"]
[Site "www.echecsemail.com"]
[Date "2018.07.20"]
[Round "1"]
[White "Paes19"]
[Black "Falcoale"]
[WhiteElo "1959"]
[BlackElo "1990"]
[Result "0-1"]
[Round "1"]
1.e4 c5
2.Ng1f3 Nb8c6
3.Nb1c3 e6
4.Bf1c4 a6
5.a3 b5
6.Bc4a2 Bc8b7
7.d3 Ng8f6
8.h3 h6
9.Bc1e3 d6
10.O-O Bf8e7
11.Ra1c1 O-O
12.Nf3h2 Nf6h7
13.f4 Qd8c7
14.Qd1g4 Nc6d4
15.Nc3b1 Ra8d8
16.c3 Nh7f6
17.Qg4d1 d5
18.cxd4 c4
19.e5 Nf6d7
20.Qd1h5 f5
21.Rf1f3 Qc7b8
22.Rf3g3 cxd3
23.Qh5xh6 Rf8f7
24.Qh6g6 Be7h4
25.Rg3f3 Nd7f8
26.Qg6h5 Bh4e7
27.Rf3g3 Rd8c8
28.Nb1c3 b4
29.axb4 Be7xb4
 { time }
0-1

[Event "Match"]
[Site "www.echecsemail.com"]
[Date "2018.07.20"]
[Round "1"]
[White "Reda"]
[Black "Luke1302"]
[WhiteElo "1760"]
[BlackElo "1350"]
[Result "1-0"]
[Round "1"]
1.d4 d5
2.Bc1f4 Qd8d7
3.Nb1c3 Nb8a6
4.e3 b6
5.Bf1b5 c6
6.Bb5xa6 g6
7.Ng1f3 f6
8.e4 Bc8xa6
9.Qd1d2 g5
10.O-O-O Bf8h6
11.Bf4g3  { time }
1-0

[Event "1/128 Finale"]
[Site "www.chess-mail.com"]
[Date "2018.07.20"]
[Round "1"]
[White "Ranjachess"]
[Black "Coolant"]
[WhiteElo "1870"]
[BlackElo "2390"]
[Result "0-1"]
[Round "1"]
1.d4 Ng8f6
2.Nb1c3 d5
3.Bc1f4 Bc8f5
4.e3 e6
5.a3 c5
6.Nc3b5 Nb8a6
7.c3 Qd8b6
8.Ng1f3 c4
9.Qd1a4 Nf6d7
10.Nf3e5 Bf5c2
11.Qa4xc2 Qb6xb5
12.g3 Nd7xe5
13.Bf4xe5 f6
14.Bf1h3 fxe5
15.Bh3xe6 e4
16.O-O Na6c7
17.Be6g4 h5
18.Bg4f5 Rh8h6
19.a4 Qb5c6
20.a5 Bf8d6
21.f3 g6
22.Bf5h3 h4
23.g4 g5
24.fxe4 dxe4
25.Bh3g2 Rh6e6
26.Rf1f5 Bd6e7
27.Qc2a4 O-O-O
28.Qa4xc6 bxc6
29.Ra1a4 Nc7d5
30.Kf2 Kd7
31.Ra4xc4 Rd8b8
32.b4 Be7f6
33.Ke2 h3
34.Bg2xh3 Rb8h8
35.Bh3g2 Rh8xh2
36.Rf5f2 Rh2h4
37.b5 cxb5
38.Rc4c5 Nd5c7
39.d5 Re6e5
40.Rf2xf6 Nc7xd5
41.Rf6f5 Re5xf5
42.gxf5 Kd6
43.Rc5c8 Rh4h2
44.Kf2 Nd5e7
45.Rc8d8 Kc7
46.Rd8d4 Ne7xf5
47.Rd4xe4 Nf5h4
48.Re4g4 Rh2xg2
49.Rg4xg2 Nh4xg2
50.Kxg2 Kd6
51.Kf3 Ke5
52.e4 g4
53.Kxg4 Kxe4
54.Kg5 Kd3
55.Kf5 Kxc3
56.Ke5 b4
57.Kd5 b3
58.Kc5 b2
59.Kb5 b1Q
60.Ka6 Kb4
61.Kxa7 Kxa5
62.Ka8 Qb1h7
63.Kb8 Kb6
64.Kc8 Qh7c7

0-1

[Event "1/128 Finale"]
[Site "www.chess-mail.com"]
[Date "2018.07.20"]
[Round "1"]
[White "Joskomol"]
[Black "J1j6"]
[WhiteElo "1989"]
[BlackElo "1920"]
[Result "1-0"]
[Round "1"]
1.e4 e6
2.d4 d5
3.Nb1c3 dxe4
4.Nc3xe4 Nb8c6
5.Ng1f3 Qd8d5
6.Bf1d3 Nc6xd4
7.Nf3xd4 Qd5xd4
8.Bd3b5 Bc8d7
9.Qd1xd4 Bd7xb5
10.Bc1f4 Ra8d8
11.Qd4xa7 f5
12.Bf4xc7 Rd8c8
13.Qa7xb7 Bb5d7
14.O-O-O fxe4
15.Bc7b6 Ng8f6
16.Rd1xd7 { resign }
1-0

[Event "Tourn. n9786"]
[Site "www.chess-mail.com"]
[Date "2018.07.21"]
[Round "1"]
[White "Conde7"]
[Black "Pwain"]
[WhiteElo "2860"]
[BlackElo "2570"]
[Result "1-0"]
[Round "1"]
1.a3 e5
2.c4 Ng8f6
3.Nb1c3 d5
4.cxd5 Nf6xd5
5.Ng1f3 Nb8c6
6.Qd1c2 Bf8e7
7.e4 Nd5xc3
8.dxc3 Qd8d6
9.Bc1e3 O-O
10.Bf1e2 Rf8d8
11.Ra1d1 Qd6g6
12.Rd1xd8 Be7xd8
13.O-O Bc8h3
14.Nf3e1 Bd8e7
15.Be2d3 Ra8d8
16.f4 Bh3g4
17.f5 Qg6h5
18.Ne1f3 Bg4xf3
19.Rf1xf3 Be7g5
20.Be3f2 Qh5h6
21.Qc2b3 b6
22.Qb3c4 Qh6d6
23.h4 Bg5e7
24.b4 Nc6b8
25.g4 h6
26.Kg2 c6
27.Qc4a2 Nb8d7
28.Bd3c4 Rd8f8
29.Rf3d3 Qd6c7
30.a4 Qc7b7
31.Qa2e2 c5
32.Bc4d5 Qb7c8
33.g5 hxg5
34.hxg5 Be7xg5
35.Qe2h5 Bg5h6
36.Bf2h4 { resign }
1-0

[Event "Match"]
[Site "www.echecsemail.com"]
[Date "2018.07.21"]
[Round "1"]
[White "Luke1302"]
[Black "Apdash"]
[WhiteElo "1350"]
[BlackElo "1840"]
[Result "0-1"]
[Round "1"]
1.e4 c5
2.Qd1e2 e6
3.g3 Nb8c6
4.c3 Bf8e7
5.Bf1g2 d5
6.b4 cxb4
7.Qe2b5 a6
8.Qb5d3 Ng8f6
9.h3 { time. }
0-1

[Event "Match"]
[Site "www.echecsemail.com"]
[Date "2018.07.21"]
[Round "1"]
[White "Aperturaf"]
[Black "Cathar"]
[WhiteElo "2750"]
[BlackElo "2259"]
[Result "1-0"]
[Round "1"]
1.e4 e6
2.d4 d5
3.Bf1d3 dxe4
4.Bd3xe4 Ng8f6
5.Be4f3 c5
6.Ng1e2 Nb8c6
7.Bc1e3 cxd4
8.Ne2xd4 Nc6e5
9.O-O Bf8e7
10.Nb1c3 O-O
11.Qd1e2 Qd8a5
12.Ra1d1 Ne5xf3
13.Qe2xf3 Bc8d7
14.Rf1e1 Rf8d8
15.Rd1d3 b5
16.a3 b4
17.Nd4b3 Qa5c7
18.axb4 Be7xb4
19.Be3f4 Qc7b6
20.Bf4e3 Qb6c7
21.Re1d1 a5
22.Be3g5 Bb4e7
23.Bg5xf6 Be7xf6
24.Rd3xd7 { resign }
1-0

[Event "Tourn. n9855"]
[Site "www.echecsemail.com"]
[Date "2018.07.21"]
[Round "1"]
[White "Cathar"]
[Black "Andychesston"]
[WhiteElo "2259"]
[BlackElo "2000"]
[Result "1-0"]
[Round "1"]
1.e4 e5
2.Nb1c3 Ng8f6
3.g3 d6
4.Bf1g2 Bf8e7
5.Ng1e2 Nb8c6
6.O-O O-O
7.d3 Kh8
8.h3 Nf6g8
9.f4 Nc6d4
10.Ne2xd4 exd4
11.Nc3e2 c5
12.c3 dxc3
13.bxc3 f5
14.e5 d5
15.d4 c4
16.a4 Ra8b8
17.Bc1a3 Bc8e6
18.Ba3xe7 Ng8xe7
19.Kh2 Qd8d7
20.Ne2g1 g5
21.Ng1f3 Rf8g8
22.Nf3xg5 Rg8g6
23.Qd1h5 Ne7c6
24.g4 fxg4
25.f5 Be6xf5
26.Rf1xf5 Rb8g8
27.Rf5f7 Rg6xg5
28.Qh5xh7 
1-0

[Event "Match"]
[Site "www.echecsemail.com"]
[Date "2018.07.21"]
[Round "1"]
[White "Grischuk2789"]
[Black "Alekpax"]
[WhiteElo "2390"]
[BlackElo "2400"]
[Result "1/2-1/2"]
[Round "1"]
1.d4 Ng8f6
2.c4 e6
3.Nb1c3 Bf8b4
4.Qd1c2 c5
5.e3 cxd4
6.exd4 O-O
7.Ng1f3 d5
8.a3 Bb4xc3
9.bxc3 Nb8c6
10.Bc1f4 b6
11.cxd5 exd5
12.Bf1e2 Nf6e4
13.O-O Bc8b7
14.Be2d3 Ra8c8
15.Bd3xe4 dxe4
16.Qc2xe4 Nc6a5
17.Qe4d3 Qd8f6
18.Nf3g5 Qf6g6
19.Qd3xg6 hxg6
20.Rf1e1 f6
21.Ng5e6 Rf8f7
22.Bf4g3 Rf7e7
23.f3 g5
24.d5 { draw }
1/2-1/2

[Event "Tourn. n9853"]
[Site "www.echecsemail.com"]
[Date "2018.07.21"]
[Round "1"]
[White "Tonino1"]
[Black "Coolant"]
[WhiteElo "2230"]
[BlackElo "2380"]
[Result "0-1"]
[Round "1"]
1.d4 f5
2.f4 Ng8f6
3.e3 e6
4.Bf1d3 d5
5.Ng1f3 c5
6.c3 Nb8c6
7.O-O c4
8.Bd3c2 b5
9.Nf3e5 Nc6xe5
10.fxe5 Nf6e4
11.Nb1d2 Bf8e7
12.Nd2xe4 dxe4
13.b3 O-O
14.a4 Bc8d7
15.axb5 Bd7xb5
16.b4 a5
17.bxa5 Ra8xa5
18.Bc1b2 Qd8a8
19.Ra1xa5 Qa8xa5
20.Qd1a1 Rf8a8
21.Qa1xa5 Ra8xa5
22.Rf1a1 Ra5xa1
23.Bb2xa1 Be7a3
24.Bc2d1 Ba3c1
25.Kf2 Kf7
26.Ke2 Ke7
27.Kf2 Kd7
28.g4 g6
29.g5 Kc7
30.h4 Kb6
31.h5 Ka5
32.hxg6 hxg6
33.Bd1e2 Ka4
34.Be2d1 Ka3
 { time }
0-1

[Event "Tourn. n9845"]
[Site "www.echecsemail.com"]
[Date "2018.07.21"]
[Round "1"]
[White "Tartan"]
[Black "Tonino1"]
[WhiteElo "2510"]
[BlackElo "2220"]
[Result "1-0"]
[Round "1"]
1.d4 d6
2.e4 Ng8f6
3.Nb1c3 c6
4.f4 Qd8c7
5.Ng1f3 g6
6.Bf1d3 Bc8g4
7.h3 Bg4xf3
8.Qd1xf3 Bf8g7
9.e5 Nf6d7
10.Bc1e3 O-O
11.O-O-O dxe5
12.dxe5 Rf8d8
13.Nc3e4 b6
14.e6 fxe6
15.Bd3c4 Nd7f8
16.Rd1xd8 Qc7xd8
17.Ne4g5 Qd8c8
18.Ng5xe6 Nf8xe6
19.Qf3e4 Kf7
20.f5 gxf5
21.Qe4xf5 Bg7f6
22.Qf5xh7 Bf6g7
23.Qh7h5 Kg8
24.Rh1d1 b5
25.Rd1d8 Qc8xd8
26.Bc4xe6  { time }
1-0